000 00364nam a2200121Ia 4500
008 220620s9999||||xx |||||||||||||| ||und||
100 _aHeather Webb||George Corbett
245 0 _aVertical Readings in Dante's Comedy. Volume 1
546 _aEnglish[eng]
650 _aliterature||literary criticism
856 _uhttp://books.openedition.org/obp/2573
942 _cEB
999 _c21870
_d21870